000 00630nam a2200181Ia 4500
008 100920s9999 xx 000 0 und d
082 _b86204
_a520 न 01
100 _aघाणेकर मधुसूदन.
245 _aजन्मतारखेतील गूढ.
260 _bइंद्रायणी साहित्य प्रकाशन, पुणे.
_c2001
300 _a79
_bसाधी
365 _b50
520 _aशाअ.
630 _aजन्मतारखेतील गूढ.
650 _aशाअ.
730 _aजन्मतारखेतील गूढ.
942 _cBOOK
999 _c726714
_d726711